| 000 | 00496cam a22001457a 4500 | ||
|---|---|---|---|
| 008 | 180718b1955 xxu||||| |||| 00| 0 eng d | ||
| 082 | _aC14 St76 | ||
| 100 | _aStouffer, Samuel A. | ||
| 245 |
_aCommunism, conformity, and civil liberties: a cross-section of the Nation speaks its mind _cby Samuel A. Stouffer |
||
| 260 |
_aNew York _bDoubleday _c1955 |
||
| 300 | _a278p | ||
| 650 | _aPublic opinion --United States | ||
| 650 | _aCommunism --United States | ||
| 650 | _aCivil rights --United States | ||
| 999 |
_c423617 _d423617 |
||